| 000 | nam a22 a 4500 | ||
|---|---|---|---|
| 999 |
_c4633 _d4633 |
||
| 003 | AKMAL | ||
| 005 | 20170710113638.0 | ||
| 008 | 100717s2008 my | e l 000 0 may d | ||
| 020 |
_a9678916711 _cRM37.50 |
||
| 040 | _aAKMAL | ||
| 082 | 0 | 4 |
_a342.595 PAN _222 |
| 090 | 0 | 0 |
_a342.595 _bPAN |
| 110 | 1 |
_aMalaysia _9400 |
|
| 245 | 1 | 0 |
_aPanduan Undang-undang umum : _b(hingga 10 Mac 2006) / _cdisusun oleh: Lembaga Penyelidikan Undang-Undang |
| 260 |
_aKuala Lumpur : _bInternational Law Book Services, _c2006 |
||
| 300 |
_a592p. ; 24cm. _c22cm |
||
| 505 | 0 | _aMengandungi: Perlembagaan Persekutuan, Akta Kumpulan Wang Simpanan Pekerja dan Peraturan-peraturan, Undang-Undang Pencen, Peraturan-peraturan Pencen | |
| 599 | _aDALAM PROSES | ||
| 650 | 1 | 0 |
_aConstitutional law _zMalaysia _9437 |
| 650 | 2 | 0 |
_aPensions _xLaw and legislation _zMalaysia _9438 |
| 650 | 2 | 0 |
_aEmployees' deposits _xLaw and legislation _zMalaysia _9439 |
| 710 | 2 |
_aLembaga Penyelidikan Undang-Undang _98918 |
|
| 710 | 1 |
_aMalaysia. _tPerlembagaan Persekutuan _9440 |
|
| 710 | 1 |
_aMalaysia. _tAkta Kumpulan Wang Simpanan Pekerja, 1991 _9442 |
|
| 710 | 1 |
_aMalaysia. _tAkta Pencen, 1980 _9441 |
|
| 710 | 1 |
_aMalaysia. _tAkta Penghitungan Semula Pencen, 1980 _9448 |
|
| 710 | 1 |
_aMalaysia. _tAkta Kumpulan Wang Amanah Pencen, 1991 _9449 |
|
| 942 |
_2ddc _cBOOK |
||